000 00485nam a22001697a 4500
005 20251108172752.0
008 250721s1999 xx 000 0 ara d
082 1 4 _a818/عدو
100 1 _aالعدوان، مفلح
_eمؤلف
245 1 0 _aعمان الذاكرة /
264 1 _aعمان :
_bأمانة عمان الكبرى،
_c1999.
300 _a101 ص
650 1 7 _aالأدب العربي
650 1 7 _aالتراجم الذاتية
942 _2ddc
_cBK
999 _c88015
_d88015